| 000 | 00515nam a22002057a 4500 | ||
|---|---|---|---|
| 003 | OSt | ||
| 005 | 20251216143556.0 | ||
| 008 | 251216b |||||||| |||| 00| 0 eng d | ||
| 020 | _a978-81-291-4017-3 | ||
| 040 | _cMRSPTU | ||
| 041 | _aENG | ||
| 082 |
_a823 _bCA-H |
||
| 100 | _aDale Carnegie | ||
| 245 | _aHow to Win Friends and Influence People | ||
| 250 | _a41st Impression | ||
| 260 |
_aNew Delhi _bRupa Publications India Pvt. Ltd. _c2016 |
||
| 300 | _a274 | ||
| 650 | _aLiterature | ||
| 942 |
_2ddc _cBK _n0 |
||
| 999 |
_c10621 _d10621 |
||